|
|
|
|
| LEADER |
00000nam a2200000 a 4500 |
| 001 |
vtls001182766 |
| 003 |
SK-MaSNL |
| 005 |
20260301233923.0 |
| 008 |
210928s1967 CS 0 cze |
| 035 |
|
|
|a SNK000125813
|
| 040 |
|
|
|a SNK
|b slo
|c SNK
|e AACR2
|
| 041 |
0 |
|
|a cze
|
| 044 |
|
|
|a CS
|
| 245 |
1 |
|
|a Základní ekonomické problémy socialistické soustavy
|c Připr. a [z ruš. a srbocharv.] přel. Jaromír Barvík, Antonín Chyba
|
| 250 |
|
|
|a 1. vyd.
|
| 260 |
|
|
|a Praha
|b Státní nakladatelství technické literatury
|c 1967
|
| 300 |
|
|
|a 358 s.
|c 4°
|
| 490 |
0 |
|
|a Učební texty vys. škol
|
| 700 |
1 |
|
|a Barvík, Jaromír
|4 zos
|4 trl
|9 280403
|
| 700 |
1 |
|
|a Chyba, Antonín,
|d 1927-
|4 zos
|4 trl
|9 118584
|
| 958 |
|
|
|a RK
|
| 958 |
|
|
|a OND
|
| 999 |
|
|
|c 968148
|d 970078
|
| 952 |
|
|
|t P60, <04>, [BOOK], {604}
|a SNK
|b SNK
|y VYP
|7 0
|o snkIB 19558
|i snkKIP 3293/67
|0 0
|1 0
|4 0
|d 1996-03-01
|l 0
|r 2005-01-01 00:00:00
|w 2026-02-24
|
| 952 |
|
|
|t P60, <04>, [BOOK], {604}
|a SNK
|b SNK
|y VYP
|7 0
|o snkIB 19558 D1
|i snkKIP 3294/67
|0 0
|1 0
|4 0
|d 1996-03-01
|l 0
|r 2005-01-01 00:00:00
|w 2026-02-24
|